书目信息 |
| 题名: |
数字摄影
|
|
| 作者: | 陈琳 编著 | |
| 分册: | ||
| 出版信息: | 杭州 浙江摄影出版社 1998.10 |
|
| 页数: | 276页 | |
| 开本: | 20cm | |
| 丛书名: | ||
| 单 册: | ||
| 中图分类: | TB879 | |
| 科图分类: | ||
| 主题词: | 摄影 | |
| 电子资源: | ||
| ISBN: | 7-80536-550-4 | |
| 000 | 00523nam0 2200193 45 | |
| 001 | 0201280842 | |
| 005 | 20041201145959.6 | |
| 010 | @a7-80536-550-4@dCNY29.00 | |
| 100 | @a20020128d1998 km y0chiy0120 ea | |
| 101 | 0 | @achi |
| 105 | @afa z 000yy | |
| 200 | 1 | @a数字摄影@AShu Zi She Ying@f陈琳编著@FChen Lin Bian Zhu |
| 210 | @a杭州@c浙江摄影出版社@d1998.10@h2001重印 | |
| 215 | @a276页@c插图,附图版@d20cm | |
| 606 | 0 | @a摄影 |
| 690 | @aTB879@v4 | |
| 701 | 0 | @a陈琳@4编著 |
| 801 | @aCN@bTSTC@c20020128 | |
| 905 | @dTB879@e68 | |
| 数字摄影/陈琳编著.-杭州:浙江摄影出版社,1998.10(2001重印) |
| 276页:插图,附图版;20cm |
| ISBN 7-80536-550-4:CNY29.00 |
| ● |
| 相关链接 |
|
|
|
|
正题名:数字摄影
索取号:TB879/68
 
预约/预借
| 序号 | 登录号 | 条形码 | 馆藏地/架位号 | 状态 | 备注 |
| 1 | 0305979 | 203059796 | 第三借阅区/ [索取号:TB879/68] | 在馆 | |
| 2 | 0305980 | 203059803 | 第三借阅区/ [索取号:TB879/68] | 在馆 | |
| 3 | 0305981 | 203059812 | 第二样本阅览室/ [索取号:TB879/68] | 在馆 |